Si Gagak yang bijaksana

Bibliographic Details
Main Author: Zarinah Ismail
Format: Book
Published: Selangor : Oscar Book International , 2004
Series:Siri fauna rimba
Subjects:

MARC

LEADER 00000cam a2200000 7i4500
001 0000001086
005 20220105103918.0
008 070704
020 |a 9679416194(set) 
020 |a 9679416291 
090 0 0 |a JP   |b NH MAL (1159) 
100 0 |a Zarinah Ismail 
245 1 0 |a Si Gagak yang bijaksana   |c Zarinah Ismail 
260 |a Selangor :   |b Oscar Book International ,   |c 2004 
440 0 |a Siri fauna rimba 
500 |a Children age 4-6 years old (yellow) 
650 0 |a Animal   |x Fiction 
650 0 |a Malay fiction 
999 |a 0000958629   |b Book   |c Children Collection   |e Cawangan Kota Tinggi 
999 |a 0000958630   |b Book   |c Children Collection   |e Perbadanan Perpustakaan Awam Johor 
999 |a 0000958631   |b Book   |c Children Collection   |e Cawangan Pontian 
999 |a 0000958632   |b Book   |c Children Collection   |e Perbadanan Perpustakaan Awam Johor 
999 |a 0000958633   |b Book   |c Children Collection   |e Perbadanan Perpustakaan Awam Johor